000 00613nam a22002537a 4500
001 BR9510919
003 BR-BrBNA
005 20230928094842.0
007 ta
008 230509b bl.||||| |||| 00| 0 por d
040 _aBR-BrBNA
_bpor
_cBiblioteca Nacional de Agricultura
041 _a(Por)
072 _aN10
090 _ N10 BR9510919
100 1 _aBrandao, F.
245 1 _aManual do armazenista
260 3 _a[np]:
_c[nd].
300 _a312 p.
500 _aBibliography p. 299-395
650 _aArmazem
650 _aInstalacao Agricola
909 _a202309
_bLucia
_c55
_dLucia Elande
942 _cBK
999 _c53020
_d53020